Sang Pungguk mencari tikus

Bibliographic Details
Main Author: Abdullah Ishak
Format: Book
Published: Kuala Lumpur : Pustaka Prinsip , 2005
Series:Siri cerita alam haiwan
Subjects:

MARC

LEADER 00000cam a2200000 7i4500
001 0000000650
005 20151222.0
008 070702
020 |a 983053328X(set) 
020 |a 9830533360 
090 0 0 |a JF   |b ANM MAL (575) 
100 0 |a Abdullah Ishak 
245 1 0 |a Sang Pungguk mencari tikus   |c Abdullah Ishak 
260 |a Kuala Lumpur :   |b Pustaka Prinsip ,   |c 2005 
440 |a Siri cerita alam haiwan 
500 |a Children ages 7-9 years old (orange) 
650 0 |a Malay language   |x Readers   |x Animals 
999 |a 0000959704   |b Book   |c Children Collection   |e Perbadanan Perpustakaan Awam Johor 
999 |a 0000959705   |b Book   |c Children Collection   |e Cawangan Sri Merlong 
999 |a 0000959706   |b Book   |c Children Collection   |e Perbadanan Perpustakaan Awam Johor 
999 |a 0000959707   |b Book   |c Children Collection   |e Cawangan Pontian 
999 |a 0000959708   |b Book   |c Children Collection   |e Perbadanan Perpustakaan Awam Johor 
999 |a 000904641   |b Book   |c Children Collection   |e Cawangan Bandar Tenggara